header

To be an actress (Record no. 131117)

MARC details
000 -LEADER
fixed length control field 01256nam a2200325 a 4500
100 1# - MAIN ENTRY--AUTHOR NAME
Personal name Shan, Nava.
245 10 - TITLE STATEMENT
Title To be an actress
260 ## - PUBLICATION, DISTRIBUTION, ETC. (IMPRINT)
Place of publication Lanham, Md. :
Name of publisher Hamilton Books,
Year of publication 2010.
300 ## - PHYSICAL DESCRIPTION
Number of Pages xvi, 166 p.
500 ## - GENERAL NOTE
General note Originally published in Israel under the title Lehiyot Sachkanit.
650 #0 - SUBJECT ADDED ENTRY--TOPICAL TERM
Topical Term Holocaust, Jewish (1939-1945)
700 1# - ADDED ENTRY--PERSONAL NAME
Personal name Cohen, Michelle Fram.
856 40 - ELECTRONIC LOCATION AND ACCESS
Uniform Resource Identifier http://site.ebrary.com/lib/rucke/Doc?id=10468565

No items available.

© 2026 Rongo University
Contact us: librarian | system librarian | Rongo university